000 00548nam a2200181Ia 4500
008 100917s9999 xx 000 0 und d
082 _b55483
100 _aमुधोळकर रमेश
245 _aबिरबल बादशाह- 10
260 _bअनमोल प्रकाशन
_c1980
300 _a34
365 _b2
520 _aबालविभाग
630 _aबिरबल बादशाह- 10
650 _aबालविभाग
730 _aबिरबल बादशाह- 10
942 _cBOOK
999 _c660877
_d660874